Recuentos mecánicos de tránsito en Costa Rica
Uloženo v:
| Hlavní autor: | |
|---|---|
| Médium: | Neznámo |
| Vydáno: |
[San José, Costa Rica]
1969
|
| Témata: | |
| Tagy: |
Přidat tag
Žádné tagy, Buďte první, kdo vytvoří štítek k tomuto záznamu!
|
MARC
| LEADER | 00000 a2200000 4500 | ||
|---|---|---|---|
| 003 | 011285 | ||
| 005 | 20221231143813.0 | ||
| 008 | 140114s1969 cr a m 000 ||s d | ||
| 040 | |c cru CEDI | ||
| 090 | |a TFG 342 | ||
| 100 | |a Domian Kikut, Edgar |9 17793 | ||
| 245 | |a Recuentos mecánicos de tránsito en Costa Rica | ||
| 260 | |c 1969 |a [San José, Costa Rica] | ||
| 300 | |a 134 hojas : ilustraciones (plegables), tablas ; 28 cm | ||
| 500 | |a Tesis (Ingeniero civil) Universidad de Costa Rica. | ||
| 650 | |x MECANICA |x SEÑALES DE TRANSITO |x ESTADISTICAS |9 17794 | ||
| 942 | |c TFG | ||
| 999 | |c 12241 |d 12241 | ||
